000 00429nam a2200181Ia 4500
001 5199
005 20260306145850.0
008 260306t2006||||xx |||||||||||||| ||spa||
041 _aESP
082 _a338.060985
_bE88
100 _aEspinoza Peña, Henry
_eAUT
245 0 _aInnovar para competir texto impreso
260 _c2006
300 _a73 páginas :
_c
650 _aGEN
654 _aCAN
942 _cLIB
_dJUS
_fJUS
_2ddc
_n
999 _c5199
_d5199